| 000 | 01114nam a2200253 a 4500 | ||
|---|---|---|---|
| 001 | 001151261 | ||
| 003 | AM-YEHGA | ||
| 005 | 20250618080131.0 | ||
| 008 | 160525s2016 ai a||||r|||||||||1|arm|d | ||
| 040 | _aAM-YeHGA | ||
| 041 | 0 | _aarm | |
| 100 | 1 |
_aԹորանյան, Թորոս Խաչերի, _d1928-2021 _91086 |
|
| 245 | 1 | 0 |
_aՄելգոնեանցի մը՝ երկու մելգոնեանցիներու մասին / _cԹորոս Թորանեան. |
| 260 |
_aԵրեւան : _bԼուսակն, _c2016. |
||
| 300 |
_a51 էջ : _bնկ. ; _c20 սմ. |
||
| 500 | _aԱյս գիրքը կը նուիրեմ Սիտնիի հարազներուս՝ Սարգիս և Լիւսի Արոյեաններուն, որոնք նուիրուած են Աւստրալիոյ հայ համայնին ծառայութեան: | ||
| 600 | 1 | 4 | _aՍուրէնեան, Կարպիս |
| 600 | 1 | 4 | _aՀակոբեան, Հակոբ |
| 650 | 1 | 4 |
_aՍփյուռքահայ գրականություն _xՀուշեր |
| 650 | 1 | 4 | _aՀայ գրականություն |
| 650 | 1 | 4 | _aՀայ գեղանկարչություն |
| 942 |
_2udc _cBK |
||
| 090 | _c567683 | ||
| 999 |
_c529293 _d529293 |
||